[Event "AUT-chT2S 9900"]
[Site "Austria"]
[Date "2000.03.18"]
[Round "10.4"]
[White "Mocchi, Tullio"]
[Black "Demuth, Markus"]
[Result "0-1"]
[WhiteElo "2390"]
[BlackElo "2221"]
[Annotator "Gabriele Ballarin"]
[PlyCount "131"]
[EventDate "1999.10.??"]
[EventType "team"]
[EventRounds "11"]
[EventCountry "AUT"]
[SourceTitle "EXT 2002"]
[Source "ChessBase"]
[SourceDate "2001.11.25"]
[SourceVersion "1"]
[SourceVersionDate "2001.11.25"]
[SourceQuality "1"]

1. e4 e6 2. d4 d5 3. Nd2 Nf6 4. e5 Nfd7 5. Bd3 c5 6. c3 Nc6 7. Ne2 cxd4 8. cxd4 Qb6 9. Nf3 f6 10. exf6 Nxf6 11. O-O Bd6 12. Bf4 Bxf4 13. Nxf4 Qxb2 14. Ng5 O-O 15. Rc1 h6 16. Ngxe6 Bxe6 17. Nxe6 Rf7 18. Rc2 Qb6 19. Re2 Kh8 20. Bb1 Nd8 21. Nf4 Qd6 22. Qd3 Nc6 23. Qg6 Raf8 24. Ne6 Ne7 25. Qd3 Rc8 26. Nc5 Neg8 27. Rfe1 b6 28. Nb3 Re7 29. Rxe7 Nxe7 30. Qh3 Re8 31. g3 Neg8 32. Rxe8 Nxe8 33. Qf5 Ngf6 34. Nd2 Qb4 35. Nf3 Nd6 36. Qc2 Qc4 37. Qd2 Nde4 38. Bxe4 Nxe4 39. Qf4 Qc8 40. Ne5 Nf6 41. Nf7+ Kh7 42. Nxh6 Kg6 43. g4 gxh6 44. f3 Qe6 45. Kf2 Ne8 46. h4 Qf6 47. h5+ Kg7 48. Qe3 Nd6 49. Ke2 b5 50. Qd3 Kf8 51. Qa3 Qe7+ 52. Kf1 Nc4 53. Qa6 Qe3 54. Qf6+ Ke8 55. Qc6+ Ke7 56. Qc5+ Ke6 57. Qc8+ Ke7 58. Qc5+ Kf6 59. Kg2 Qe7 60. Qc6+ Qe6 61. Qxb5 Kg5 62. Qb1 Qe2+ 63. Kg3 Qxf3+ 64. Kh2 Ne3 65. Qb2 Kh4 66. Qd2 0-1

[Event "AUT-chT2S 9900"]
[Site "Austria"]
[Date "2000.03.18"]
[Round "10.4"]
[White "Postl, Anton"]
[Black "Konopka, Michal"]
[Result "0-1"]
[WhiteElo "2303"]
[BlackElo "2484"]
[Annotator "Gabriele Ballarin"]
[PlyCount "80"]
[EventDate "1999.10.??"]
[EventType "team"]
[EventRounds "11"]
[EventCountry "AUT"]
[SourceTitle "EXT 2002"]
[Source "ChessBase"]
[SourceDate "2001.11.25"]
[SourceVersion "1"]
[SourceVersionDate "2001.11.25"]
[SourceQuality "1"]

1. Nf3 Nf6 2. g3 d5 3. Bg2 g6 4. c4 c6 5. cxd5 cxd5 6. d4 Bg7 7. O-O O-O 8. Ne5 e6 9. Nc3 Nfd7 10. f4 Nc6 11. Be3 Nb6 12. Bf2 Bd7 13. e4 Ne7 14. Nxd7 Qxd7 15. e5 Rfc8 16. Rc1 Rc7 17. b3 Rac8 18. Qd2 Bf8 19. a4 a6 20. g4 Nc6 21. Na2 Qe7 22. f5 Qa3 23. Be3 Nb4 24. Rxc7 Rxc7 25. Nxb4 Qxb4 26. Qxb4 Bxb4 27. Rc1 Rxc1+ 28. Bxc1 Nd7 29. Kf2 Nb8 30. Ke3 Nc6 31. Kd3 Be1 32. Bb2 Kg7 33. Ba3 Bf2 34. Bb2 Nb4+ 35. Ke2 Bg1 36. f6+ Kg8 37. Bc3 Na2 38. Kd3 Nc1+ 39. Kc2 Ne2 40. Bf1 Nxd4+ 0-1

[Event "AUT-chT2S 9900"]
[Site "Austria"]
[Date "2000.03.18"]
[Round "10.4"]
[White "Reichmann, Egon"]
[Black "Kleiser, Gregor"]
[Result "0-1"]
[WhiteElo "2260"]
[BlackElo "2157"]
[Annotator "Gabriele Ballarin"]
[PlyCount "64"]
[EventDate "1999.10.??"]
[EventType "team"]
[EventRounds "11"]
[EventCountry "AUT"]
[SourceTitle "EXT 2002"]
[Source "ChessBase"]
[SourceDate "2001.11.25"]
[SourceVersion "1"]
[SourceVersionDate "2001.11.25"]
[SourceQuality "1"]

1. e4 c5 2. Nf3 Nc6 3. d4 cxd4 4. Nxd4 Nf6 5. Nc3 e5 6. Ndb5 d6 7. Bg5 a6 8. Na3 b5 9. Bxf6 gxf6 10. Nd5 f5 11. c3 Bg7 12. Bd3 Be6 13. Qh5 f4 14. O-O O-O 15. c4 Nd4 16. cxb5 Bxd5 17. exd5 f5 18. Nc2 e4 19. Nxd4 Bxd4 20. Be2 axb5 21. Bxb5 Qf6 22. a4 Bxb2 23. Ra2 Ra7 24. a5 Rg7 25. a6 Bd4 26. Kh1 Kh8 27. Rb1 Rfg8 28. Bf1 f3 29. g3 Qe5 30. Rb7 Qxd5 31. Rxg7 Bxg7 32. Ra4 Qd1 0-1

[Event "AUT-chT2S 9900"]
[Site "Austria"]
[Date "2000.03.18"]
[Round "10.5"]
[White "Eingorn, Vereslav S"]
[Black "Horvath, Gyula"]
[Result "1/2-1/2"]
[WhiteElo "2589"]
[BlackElo "2446"]
[Annotator "Gabriele Ballarin"]
[PlyCount "51"]
[EventDate "1999.10.??"]
[EventType "team"]
[EventRounds "11"]
[EventCountry "AUT"]
[SourceTitle "EXT 2002"]
[Source "ChessBase"]
[SourceDate "2001.11.25"]
[SourceVersion "1"]
[SourceVersionDate "2001.11.25"]
[SourceQuality "1"]

1. Nf3 Nf6 2. c4 c5 3. Nc3 e6 4. g3 d5 5. cxd5 Nxd5 6. Bg2 Be7 7. O-O O-O 8. d4 Nc6 9. Nxd5 exd5 10. dxc5 Bxc5 11. Bg5 f6 12. Bd2 Re8 13. Rc1 Bb6 14. b4 a6 15. e3 Kh8 16. Bc3 Be6 17. Nd4 Bxd4 18. Bxd4 Nxb4 19. Rb1 Qe7 20. Qb3 a5 21. a3 Nc6 22. Qxb7 Nxd4 23. exd4 Qxa3 24. Bxd5 Bxd5 25. Qxd5 Red8 26. Qc5 1/2-1/2

[Event "AUT-chT2S 9900"]
[Site "Austria"]
[Date "2000.03.18"]
[Round "10.5"]
[White "Krebs, Johann"]
[Black "Brestian, Egon"]
[Result "1/2-1/2"]
[WhiteElo "2130"]
[BlackElo "2429"]
[Annotator "Gabriele Ballarin"]
[PlyCount "95"]
[EventDate "1999.10.??"]
[EventType "team"]
[EventRounds "11"]
[EventCountry "AUT"]
[SourceTitle "EXT 2002"]
[Source "ChessBase"]
[SourceDate "2001.11.25"]
[SourceVersion "1"]
[SourceVersionDate "2001.11.25"]
[SourceQuality "1"]

1. d4 Nf6 2. c4 g6 3. g3 Bg7 4. Bg2 O-O 5. Nf3 d6 6. O-O Nbd7 7. Nc3 e5 8. e4 a6 9. Re1 exd4 10. Nxd4 Ne5 11. b3 c5 12. Nc2 Rb8 13. h3 Nc6 14. Bb2 b5 15. cxb5 axb5 16. Qd2 c4 17. bxc4 Ne5 18. Ne3 bxc4 19. Ba3 Nd3 20. Reb1 Rxb1+ 21. Rxb1 Be6 22. Ncd5 Bxd5 23. exd5 Qc7 24. Bxd6 Qxd6 25. Nxc4 Qa6 26. Qxd3 Qxa2 27. Ne5 Re8 28. Nc6 Bf8 29. Rd1 Bc5 30. Qd2 Qxd2 31. Rxd2 Re1+ 32. Kh2 Ne8 33. Rc2 Bd6 34. Bf3 h5 35. Kg2 Kg7 36. Re2 Rxe2 37. Bxe2 Nf6 38. Bf3 Nd7 39. Kf1 Ne5 40. Ke2 Nxc6 41. dxc6 Kf6 42. Kd3 Ke7 43. Kc4 Bc7 44. Kb5 Kd8 45. Bd5 f5 46. Bf7 f4 47. gxf4 Bxf4 48. Bxg6 1/2-1/2

[Event "AUT-chT2S 9900"]
[Site "Austria"]
[Date "2000.03.18"]
[Round "10.5"]
[White "Kwatschewsky, Leo"]
[Black "Deutsch, Ludwig"]
[Result "1-0"]
[WhiteElo "2307"]
[BlackElo "2173"]
[Annotator "Gabriele Ballarin"]
[PlyCount "149"]
[EventDate "1999.10.??"]
[EventType "team"]
[EventRounds "11"]
[EventCountry "AUT"]
[SourceTitle "EXT 2002"]
[Source "ChessBase"]
[SourceDate "2001.11.25"]
[SourceVersion "1"]
[SourceVersionDate "2001.11.25"]
[SourceQuality "1"]

1. c4 c5 2. Nf3 Nc6 3. Nc3 Nf6 4. g3 g6 5. Bg2 Bg7 6. O-O O-O 7. d4 cxd4 8. Nxd4 Ng4 9. e3 Nge5 10. b3 d6 11. Bb2 Nxd4 12. exd4 Nc6 13. Nd5 e5 14. dxe5 dxe5 15. Qd2 Be6 16. Rad1 Rc8 17. f4 f6 18. Qf2 Rf7 19. Ne3 Rd7 20. Rxd7 Qxd7 21. Rd1 Qc7 22. f5 gxf5 23. Nxf5 Bf8 24. Kh1 Rd8 25. Rf1 Qd7 26. Be4 Qd2 27. g4 Qxf2 28. Rxf2 Bc5 29. Re2 Rd1+ 30. Kg2 Bxf5 31. gxf5 Kf7 32. Bc3 Bd4 33. Be1 Bc5 34. Bc3 Ke7 35. Re1 Rd8 36. Bd5 Nb4 37. Bxb4 Bxb4 38. Re3 b5 39. Rh3 bxc4 40. Rxh7+ Kd6 41. bxc4 Kc5 42. Rxa7 Kd4 43. Rb7 Bc5 44. Rf7 Rg8+ 45. Kf3 Rh8 46. Rxf6 Rxh2 47. Re6 Rxa2 48. f6 Kd3 49. Kg4 Rf2 50. Bf3 Rc2 51. Rxe5 Rxc4+ 52. Kf5 Rc3 53. f7 Bb4 54. Re8 Kd2 55. Rd8+ Rd3 56. Bd5 Kc1 57. Ke4 Rd2 58. f8=Q Bxf8 59. Rxf8 Rh2 60. Rc8+ Kd2 61. Kd4 Rh7 62. Ra8 Rd7 63. Ra2+ Kd1 64. Ke4 Rd8 65. Rh2 Kc1 66. Bc4 Rd7 67. Ke3 Kb1 68. Bd3+ Ka1 69. Kd2 Kb2 70. Rh6 Kb3 71. Rb6+ Ka2 72. Kc3 Rc7+ 73. Bc4+ Ka1 74. Ra6+ Kb1 75. Rh6 1-0

[Event "AUT-chT2S 9900"]
[Site "Austria"]
[Date "2000.03.18"]
[Round "10.5"]
[White "Lendwai, Reinhard"]
[Black "Pesorda, Ivan"]
[Result "1-0"]
[WhiteElo "2371"]
[BlackElo "2180"]
[Annotator "Gabriele Ballarin"]
[PlyCount "37"]
[EventDate "1999.10.??"]
[EventType "team"]
[EventRounds "11"]
[EventCountry "AUT"]
[SourceTitle "EXT 2002"]
[Source "ChessBase"]
[SourceDate "2001.11.25"]
[SourceVersion "1"]
[SourceVersionDate "2001.11.25"]
[SourceQuality "1"]

1. e4 c5 2. Ne2 e6 3. Nbc3 d5 4. exd5 exd5 5. d4 Nc6 6. Be3 cxd4 7. Bxd4 Nxd4 8. Qxd4 Nf6 9. Nf4 Be7 10. Bb5+ Bd7 11. Bxd7+ Qxd7 12. O-O O-O 13. Nfxd5 Rfd8 14. Rad1 Nxd5 15. Nxd5 Bd6 16. Rfe1 Qc6 17. c4 b5 18. Re4 f5 19. Re7 1-0

[Event "AUT-chT2S 9900"]
[Site "Austria"]
[Date "2000.03.18"]
[Round "10.5"]
[White "Scheck, Rudolf"]
[Black "Mahdy, Khaled"]
[Result "0-1"]
[WhiteElo "2175"]
[BlackElo "2332"]
[Annotator "Gabriele Ballarin"]
[PlyCount "76"]
[EventDate "1999.10.??"]
[EventType "team"]
[EventRounds "11"]
[EventCountry "AUT"]
[SourceTitle "EXT 2002"]
[Source "ChessBase"]
[SourceDate "2001.11.25"]
[SourceVersion "1"]
[SourceVersionDate "2001.11.25"]
[SourceQuality "1"]

1. e4 g6 2. d4 Bg7 3. c4 d6 4. Nc3 Nf6 5. Be2 O-O 6. Nf3 Bg4 7. O-O Nfd7 8. Be3 c5 9. d5 Bxf3 10. Bxf3 Na6 11. Qd2 Nc7 12. Bg4 Rb8 13. a4 a6 14. Bxd7 Qxd7 15. Bh6 b5 16. Bxg7 Kxg7 17. cxb5 axb5 18. b3 bxa4 19. bxa4 Rb4 20. Rfb1 Rfb8 21. Qd3 Qc8 22. Rxb4 Rxb4 23. Rb1 Qb7 24. Nb5 Nxb5 25. Rxb4 cxb4 26. axb5 Qc7 27. Kf1 Qc5 28. h4 h5 29. g3 Kf8 30. f4 Ke8 31. e5 Kd8 32. exd6 exd6 33. Ke1 Kc7 34. f5 Qc3+ 35. Ke2 Qxd3+ 36. Kxd3 Kb6 37. fxg6 fxg6 38. Kc4 b3 0-1

[Event "AUT-chT2S 9900"]
[Site "Austria"]
[Date "2000.03.18"]
[Round "10.6"]
[White "Beck, Hartmuth"]
[Black "Singer, Richard"]
[Result "0-1"]
[WhiteElo "2235"]
[BlackElo "2290"]
[Annotator "Gabriele Ballarin"]
[PlyCount "150"]
[EventDate "1999.10.??"]
[EventType "team"]
[EventRounds "11"]
[EventCountry "AUT"]
[SourceTitle "EXT 2002"]
[Source "ChessBase"]
[SourceDate "2001.11.25"]
[SourceVersion "1"]
[SourceVersionDate "2001.11.25"]
[SourceQuality "1"]

1. d4 Nf6 2. c4 e6 3. Nc3 Bb4 4. Qc2 O-O 5. a3 Bxc3+ 6. Qxc3 b6 7. Bg5 Bb7 8. e3 d6 9. Nf3 Nbd7 10. Be2 h6 11. Bh4 Qe7 12. O-O g5 13. Bg3 Ne4 14. Qc2 f5 15. Nd2 e5 16. f3 Nxg3 17. hxg3 exd4 18. exd4 Qe3+ 19. Rf2 Qxd4 20. Rd1 Rae8 21. Nb3 Qe5 22. Nd4 a6 23. Bf1 Qf6 24. c5 dxc5 25. Nxf5 Ne5 26. g4 h5 27. Be2 Bc8 28. b4 Bxf5 29. gxf5 Qxf5 30. Qxf5 Rxf5 31. bxc5 b5 32. a4 c6 33. axb5 axb5 34. Rd6 Kg7 35. g3 Ref8 36. Kg2 Ng4 37. Rxc6 Nxf2 38. Kxf2 Rb8 39. Bd3 Rf6 40. Rc7+ Rf7 41. Rc6 Rf6 42. Rc7+ Rf7 43. Rc6 g4 44. f4 Rd7 45. Bf5 Rd5 46. Be4 Rd4 47. Ke3 Rc4 48. Rc7+ Kf6 49. Rc6+ Ke7 50. Bd3 Rc3 51. Kd4 b4 52. Rc7+ Kf8 53. Bf5 Rxg3 54. Ke5 Kg8 55. Kf6 Rf8+ 56. Kg6 Rxf5 57. Kxf5 Rf3 58. c6 g3 59. Kg6 Kf8 60. Rf7+ Ke8 61. Rg7 Rxf4 62. Kxh5 Kd8 63. Kg5 Rf3 64. Kg4 Rc3 65. Kh3 Rxc6 66. Rb7 Rg6 67. Kg2 Rg4 68. Ra7 Kc8 69. Re7 b3 70. Re2 Kc7 71. Rb2 Rb4 72. Kxg3 Kc6 73. Kf3 Kb5 74. Ke3 Ka4 75. Kd3 Ka3 0-1

[Event "AUT-chT2S 9900"]
[Site "Austria"]
[Date "2000.03.18"]
[Round "10.6"]
[White "Buchegger, Karl"]
[Black "Wegerer, Fred"]
[Result "1/2-1/2"]
[WhiteElo "2196"]
[BlackElo "2196"]
[Annotator "Gabriele Ballarin"]
[PlyCount "40"]
[EventDate "1999.10.??"]
[EventType "team"]
[EventRounds "11"]
[EventCountry "AUT"]
[SourceTitle "EXT 2002"]
[Source "ChessBase"]
[SourceDate "2001.11.25"]
[SourceVersion "1"]
[SourceVersionDate "2001.11.25"]
[SourceQuality "1"]

1. d4 Nf6 2. Nf3 e6 3. e3 d5 4. c4 Nbd7 5. Nc3 c6 6. Bd3 Bd6 7. O-O O-O 8. Qc2 a6 9. e4 dxc4 10. Bxc4 e5 11. dxe5 Nxe5 12. Nxe5 Bxe5 13. h3 Re8 14. Re1 Nh5 15. Ne2 Qh4 16. Qb3 Re7 17. Rd1 Bc7 18. Qf3 g6 19. Bh6 Be6 20. Bxe6 Rxe6 1/2-1/2

[Event "AUT-chT2S 9900"]
[Site "Austria"]
[Date "2000.03.18"]
[Round "10.6"]
[White "Dohr, Alexander"]
[Black "Brod, Manfred"]
[Result "1/2-1/2"]
[WhiteElo "2193"]
[BlackElo "2223"]
[Annotator "Gabriele Ballarin"]
[PlyCount "85"]
[EventDate "1999.10.??"]
[EventType "team"]
[EventRounds "11"]
[EventCountry "AUT"]
[SourceTitle "EXT 2002"]
[Source "ChessBase"]
[SourceDate "2001.11.25"]
[SourceVersion "1"]
[SourceVersionDate "2001.11.25"]
[SourceQuality "1"]

1. e4 e6 2. d4 d5 3. Bd3 dxe4 4. Bxe4 Nf6 5. Bf3 c5 6. Ne2 Nc6 7. Be3 e5 8. Bxc6+ bxc6 9. dxe5 Qxd1+ 10. Kxd1 Ng4 11. Nd2 Nxe5 12. h3 Be7 13. Re1 O-O 14. Nc3 f5 15. Na4 Nd7 16. Bf4 Kf7 17. Nc4 Ba6 18. Nd6+ Kf6 19. c4 Nb6 20. Nxc5 Bxc4 21. Nd7+ Nxd7 22. Nxc4 Bb4 23. Re2 Nb6 24. Be5+ Kf7 25. Ne3 g6 26. Rc1 Rfd8+ 27. Kc2 Nd5 28. Nc4 Be7 29. Kb1 Nb4 30. Bc3 Nd3 31. Rd1 Nf4 32. Ne5+ Kf8 33. Red2 Nxg2 34. Nxc6 Rxd2 35. Bxd2 Bf6 36. Bh6+ Ke8 37. Rg1 Nh4 38. Be3 a6 39. Nb4 Rb8 40. a3 a5 41. Nd3 Nf3 42. Rc1 Ne5 43. Bf4 1/2-1/2

[Event "AUT-chT2S 9900"]
[Site "Austria"]
[Date "2000.03.18"]
[Round "10.6"]
[White "Forintos, Gyozo Victor"]
[Black "Stohl, Igor"]
[Result "1/2-1/2"]
[WhiteElo "2343"]
[BlackElo "2600"]
[Annotator "Gabriele Ballarin"]
[PlyCount "130"]
[EventDate "1999.10.??"]
[EventType "team"]
[EventRounds "11"]
[EventCountry "AUT"]
[SourceTitle "EXT 2002"]
[Source "ChessBase"]
[SourceDate "2001.11.25"]
[SourceVersion "1"]
[SourceVersionDate "2001.11.25"]
[SourceQuality "1"]

1. c4 e5 2. g3 Nf6 3. Bg2 d5 4. cxd5 Nxd5 5. Nc3 Nb6 6. Nf3 Nc6 7. d3 Be7 8. a3 O-O 9. b4 Be6 10. O-O Nd4 11. Rb1 f6 12. Ne4 Nxf3+ 13. Bxf3 Ba2 14. Rb2 Bd5 15. Nc5 Bxf3 16. exf3 Qd5 17. Qb3 Rfb8 18. f4 Qxb3 19. Rxb3 exf4 20. Bxf4 Nd5 21. Bd2 Bxc5 22. bxc5 b6 23. Rc1 Kf7 24. Kf1 a6 25. cxb6 cxb6 26. Ke2 Ke6 27. Be3 Rc8 28. Kd2 Rxc1 29. Kxc1 b5 30. Kd2 Rc8 31. Bd4 Ne7 32. Rb1 Nc6 33. Rc1 Kd7 34. Be3 Ne5 35. Rb1 Ke6 36. h3 h5 37. f4 Nc6 38. Rc1 Ne7 39. Re1 Nd5 40. Bd4+ Kf5 41. Rf1 g6 42. Rg1 h4 43. gxh4 Rh8 44. Rg4 a5 45. Bf2 b4 46. Rg1 b3 47. Rc1 Rb8 48. Bd4 Nxf4 49. Rc5+ Ke6 50. Bb2 Rd8 51. d4 a4 52. Ke3 Nd5+ 53. Ke4 f5+ 54. Kd3 Rh8 55. Kc4 Ne3+ 56. Kd3 Nd1 57. d5+ Kd6 58. Bd4 Rxh4 59. Rb5 Rxh3+ 60. Kd2 Rh1 61. Ba7 b2 62. Bb8+ Kd7 63. Be5 Ne3 64. Rb7+ Ke8 65. Rb8+ Kd7 1/2-1/2

[Event "AUT-chT2S 9900"]
[Site "Austria"]
[Date "2000.03.18"]
[Round "10.6"]
[White "Riedner, Martin"]
[Black "Steiner, Peter"]
[Result "1-0"]
[WhiteElo "2229"]
[BlackElo "2120"]
[Annotator "Gabriele Ballarin"]
[PlyCount "65"]
[EventDate "1999.10.??"]
[EventType "team"]
[EventRounds "11"]
[EventCountry "AUT"]
[SourceTitle "EXT 2002"]
[Source "ChessBase"]
[SourceDate "2001.11.25"]
[SourceVersion "1"]
[SourceVersionDate "2001.11.25"]
[SourceQuality "1"]

1. d4 Nf6 2. Nf3 g6 3. c4 Bg7 4. Nc3 O-O 5. Bg5 h6 6. Bh4 d6 7. h3 Nbd7 8. e3 c6 9. Qc2 a6 10. Rd1 b5 11. a3 d5 12. c5 Re8 13. Be2 e5 14. dxe5 Nxe5 15. Nd4 Bd7 16. b3 g5 17. Bg3 Qa5 18. O-O Qxa3 19. Nb1 Qb4 20. f4 Ne4 21. Be1 Qxc5 22. Qxc5 Nxc5 23. fxe5 Bxe5 24. Bh5 Re7 25. Bb4 Bd6 26. Rc1 Ne4 27. Bxd6 Nxd6 28. Nxc6 Rxe3 29. Rf3 Rae8 30. Nb4 Re1+ 31. Rf1 Rxf1+ 32. Kxf1 Be6 33. Nxa6 1-0

[Event "AUT-chT2S 9900"]
[Site "Austria"]
[Date "2000.03.19"]
[Round "11.1"]
[White "Arwanitakis, Michael"]
[Black "Buchegger, Karl"]
[Result "1-0"]
[WhiteElo "2155"]
[BlackElo "2196"]
[Annotator "Gabriele Ballarin"]
[PlyCount "89"]
[EventDate "1999.10.??"]
[EventType "team"]
[EventRounds "11"]
[EventCountry "AUT"]
[SourceTitle "EXT 2002"]
[Source "ChessBase"]
[SourceDate "2001.11.25"]
[SourceVersion "1"]
[SourceVersionDate "2001.11.25"]
[SourceQuality "1"]

1. e4 c5 2. Nc3 e6 3. g3 d5 4. exd5 exd5 5. Bg2 Nf6 6. d3 d4 7. Ne4 Nxe4 8. dxe4 Nc6 9. Ne2 Bg4 10. h3 Bxe2 11. Qxe2 Qa5+ 12. Bd2 Qb6 13. O-O Be7 14. Kh1 O-O-O 15. Qg4+ Kb8 16. Qxg7 f6 17. Qf7 Ka8 18. Bf4 Rd7 19. a4 Rhd8 20. b3 Nb4 21. Qc4 a5 22. Qb5 Qxb5 23. axb5 Ka7 24. Rfc1 Kb6 25. Bf1 d3 26. Bd2 dxc2 27. Bxb4 axb4 28. Rxc2 Rd1 29. Rxd1 Rxd1 30. Kg2 Bd6 31. f4 Re1 32. Re2 Rxe2+ 33. Bxe2 Kc7 34. Kf3 Kd7 35. Bc4 b6 36. Kg4 Bf8 37. Kf5 Ke7 38. Kg4 Kd6 39. Kf5 Ke7 40. g4 Bg7 41. h4 Kd6 42. g5 fxg5 43. e5+ Ke7 44. hxg5 Bf8 45. Ke4 1-0

[Event "AUT-chT2S 9900"]
[Site "Austria"]
[Date "2000.03.19"]
[Round "11.1"]
[White "Brod, Manfred"]
[Black "Raffalt, Manfred"]
[Result "1/2-1/2"]
[WhiteElo "2223"]
[BlackElo "2206"]
[Annotator "Gabriele Ballarin"]
[PlyCount "123"]
[EventDate "1999.10.??"]
[EventType "team"]
[EventRounds "11"]
[EventCountry "AUT"]
[SourceTitle "EXT 2002"]
[Source "ChessBase"]
[SourceDate "2001.11.25"]
[SourceVersion "1"]
[SourceVersionDate "2001.11.25"]
[SourceQuality "1"]

1. e4 e6 2. d4 d5 3. Nc3 Bb4 4. e5 c5 5. a3 Bxc3+ 6. bxc3 Qc7 7. Qg4 f5 8. Qh5+ Qf7 9. Qxf7+ Kxf7 10. Nf3 h6 11. h4 Ne7 12. dxc5 Nd7 13. Be3 Nc6 14. Bd4 b6 15. cxb6 axb6 16. Bb5 Bb7 17. Kd2 Nc5 18. Rhb1 Nxd4 19. cxd4 Ne4+ 20. Ke1 Nc3 21. Rb3 Nxb5 22. Rxb5 Ra6 23. Rb3 Rc8 24. Kd2 Bc6 25. Rab1 Ba4 26. Rc3 Bc6 27. Ne1 Bd7 28. Rxc8 Bxc8 29. Rb3 Bd7 30. Kc3 g5 31. hxg5 hxg5 32. g3 Ba4 33. Rb4 Kg6 34. f3 Kh5 35. Ng2 Bd7 36. Kb3 Bc6 37. Ka2 Ba4 38. Rb2 Bd7 39. Rb3 Ba4 40. Rb2 Bd7 41. Rb1 Ba4 42. Ne1 Kg6 43. Rb4 Kh5 44. Kb2 Kg6 45. Nd3 Kh5 46. Nc1 Kg6 47. Ne2 Kh5 48. Kc3 Kg6 49. g4 Bd7 50. Kb3 b5 51. Nc3 fxg4 52. fxg4 Ra5 53. Kb2 Be8 54. Rb3 Bd7 55. Kc1 Be8 56. Kb2 Bd7 57. Rb4 Be8 58. Kb3 Bd7 59. Ka2 Be8 60. Rb1 Bd7 61. Rb3 Be8 62. Kb2 1/2-1/2

[Event "AUT-chT2S 9900"]
[Site "Austria"]
[Date "2000.03.19"]
[Round "11.1"]
[White "Schroecker, Hans Peter"]
[Black "Beck, Hartmuth"]
[Result "1-0"]
[WhiteElo "2315"]
[BlackElo "2235"]
[Annotator "Gabriele Ballarin"]
[PlyCount "79"]
[EventDate "1999.10.??"]
[EventType "team"]
[EventRounds "11"]
[EventCountry "AUT"]
[SourceTitle "EXT 2002"]
[Source "ChessBase"]
[SourceDate "2001.11.25"]
[SourceVersion "1"]
[SourceVersionDate "2001.11.25"]
[SourceQuality "1"]

1. g3 f5 2. Bg2 Nf6 3. c4 g6 4. Nc3 Bg7 5. e3 O-O 6. Nge2 d6 7. O-O c6 8. d3 a5 9. a3 Nbd7 10. Rb1 e5 11. b4 axb4 12. axb4 Nb6 13. b5 c5 14. Bd2 Qe7 15. Ra1 Be6 16. Qc2 Bf7 17. e4 fxe4 18. Nxe4 Nxe4 19. Bxe4 Be6 20. Ba5 d5 21. Bg2 Qd8 22. Bxb6 Rxa1 23. Rxa1 Qxb6 24. cxd5 Bd7 25. Nc3 c4 26. Ra2 Qd4 27. dxc4 Qxc4 28. Ne4 Qb4 29. h3 Bf5 30. Qe2 Rc8 31. Kh2 h6 32. Rc2 Rxc2 33. Qxc2 Qxb5 34. g4 Bd7 35. Qc7 Qa4 36. Qd8+ Kh7 37. Bf3 Be8 38. d6 Kh8 39. Nc5 Qf4+ 40. Kg2 1-0

[Event "AUT-chT2S 9900"]
[Site "Austria"]
[Date "2000.03.19"]
[Round "11.1"]
[White "Steiner, Peter"]
[Black "Pichler, Peter"]
[Result "0-1"]
[WhiteElo "2120"]
[BlackElo "2205"]
[Annotator "Gabriele Ballarin"]
[PlyCount "78"]
[EventDate "1999.10.??"]
[EventType "team"]
[EventRounds "11"]
[EventCountry "AUT"]
[SourceTitle "EXT 2002"]
[Source "ChessBase"]
[SourceDate "2001.11.25"]
[SourceVersion "1"]
[SourceVersionDate "2001.11.25"]
[SourceQuality "1"]

1. e4 e6 2. d4 d5 3. e5 c5 4. c3 Nc6 5. Nf3 Bd7 6. Be2 Nge7 7. Na3 Ng6 8. Nc2 Be7 9. O-O O-O 10. b3 Qa5 11. Qd3 Rac8 12. a3 c4 13. bxc4 dxc4 14. Qe3 Qa4 15. Bd1 Qa6 16. Ng5 Rce8 17. Qh3 Bxg5 18. Bxg5 Qa5 19. f4 Nce7 20. Be2 Nd5 21. Nb4 Qc7 22. Nxd5 exd5 23. f5 f6 24. Bg4 Ne7 25. exf6 Rxf6 26. Bxf6 gxf6 27. Rae1 Qd6 28. Re3 Nc6 29. Rfe1 Rxe3 30. Rxe3 Qxa3 31. Qg3 a5 32. Bf3+ Kf8 33. Bxd5 Ne7 34. Bxc4 Bxf5 35. Qb8+ Kg7 36. Rxe7+ Qxe7 37. Qg3+ Bg6 38. Qf2 Qc7 39. Qe2 Kh6 0-1

[Event "AUT-chT2S 9900"]
[Site "Austria"]
[Date "2000.03.19"]
[Round "11.2"]
[White "Horvath, Gyula"]
[Black "Forintos, Gyozo Victor"]
[Result "1/2-1/2"]
[WhiteElo "2446"]
[BlackElo "2343"]
[Annotator "Gabriele Ballarin"]
[PlyCount "20"]
[EventDate "1999.10.??"]
[EventType "team"]
[EventRounds "11"]
[EventCountry "AUT"]
[SourceTitle "EXT 2002"]
[Source "ChessBase"]
[SourceDate "2001.11.25"]
[SourceVersion "1"]
[SourceVersionDate "2001.11.25"]
[SourceQuality "1"]

1. e4 e6 2. d4 d5 3. Nc3 dxe4 4. Nxe4 Bd7 5. Nf3 Bc6 6. Bd3 Nd7 7. O-O Ngf6 8. Qe2 Nxe4 9. Bxe4 Bxe4 10. Qxe4 c6 1/2-1/2

[Event "AUT-chT2S 9900"]
[Site "Austria"]
[Date "2000.03.19"]
[Round "11.3"]
[White "Brestian, Egon"]
[Black "Koch, Wolfgang Max"]
[Result "1/2-1/2"]
[WhiteElo "2429"]
[BlackElo "2305"]
[Annotator "Gabriele Ballarin"]
[PlyCount "67"]
[EventDate "1999.10.??"]
[EventType "team"]
[EventRounds "11"]
[EventCountry "AUT"]
[SourceTitle "EXT 2002"]
[Source "ChessBase"]
[SourceDate "2001.11.25"]
[SourceVersion "1"]
[SourceVersionDate "2001.11.25"]
[SourceQuality "1"]

1. Nf3 g6 2. g3 Bg7 3. Bg2 d6 4. d4 Nf6 5. O-O O-O 6. c4 c6 7. Nc3 Bf5 8. b3 Ne4 9. Bb2 Nxc3 10. Bxc3 Be4 11. Qd2 Nd7 12. Rac1 Nf6 13. Qe3 Qd7 14. Rfd1 Bxf3 15. Qxf3 d5 16. Qd3 Rfd8 17. e3 e6 18. a4 Qe7 19. b4 a6 20. c5 Nd7 21. Ra1 e5 22. b5 axb5 23. axb5 Qe8 24. Qc2 Nf8 25. Qb2 exd4 26. exd4 Ne6 27. b6 Rxa1 28. Rxa1 Ra8 29. Ra7 Rb8 30. Qa1 h6 31. h4 h5 32. Bf1 Kh7 33. Bh3 f5 34. Ra2 1/2-1/2

[Event "AUT-chT2S 9900"]
[Site "Austria"]
[Date "2000.03.19"]
[Round "11.3"]
[White "Feichter, Clemens"]
[Black "Kwatschewsky, Leo"]
[Result "0-1"]
[WhiteElo "2170"]
[BlackElo "2307"]
[Annotator "Gabriele Ballarin"]
[PlyCount "38"]
[EventDate "1999.10.??"]
[EventType "team"]
[EventRounds "11"]
[EventCountry "AUT"]
[SourceTitle "EXT 2002"]
[Source "ChessBase"]
[SourceDate "2001.11.25"]
[SourceVersion "1"]
[SourceVersionDate "2001.11.25"]
[SourceQuality "1"]

1. e4 c5 2. Nc3 a6 3. a4 Nc6 4. f4 g6 5. Nf3 Bg7 6. Bc4 d6 7. O-O e6 8. d3 Nge7 9. Qe2 O-O 10. Bd2 d5 11. Bb3 Rb8 12. Qf2 Nd4 13. Ra3 b5 14. axb5 axb5 15. Nd1 Nec6 16. Be3 dxe4 17. dxe4 Bb7 18. c3 b4 19. cxd4 bxa3 0-1